[Event "It (open)"]
[Site "masterchessopen.com Andorra"]
[Round "7"]
[White "Garcia Raul (AND)"]
[Black "Kulaots Kaido (EST)"]
[Result "0-1"]
[WhiteElo "2254"]
[BlackElo "2513"]

1.Nf3 Nf6 2.c4 e6 3.g3 d5 4.d4 Bb4+ 5.Bd2 Be7 6.Bg2 c6 7.Qc2 Nbd7 8.O-O O-O
9.Bg5 h6 10.Bxf6 Bxf6 11.Nbd2 b6 12.cxd5 cxd5 13.Rfc1 Qe7 14.Qa4 Rd8 15.Rc7
Nc5 16.Rxe7 Nxa4 17.Rc7 Nxb2 18.Rb1 Na4 19.Rb4 Bd7 20.Rxd7 Rxd7 21.Rxa4 a5
22.Ra3 a4 23.Rc3 b5 24.e3 Rdd8 25.Bf1 b4 26.Rc1 Rdc8 27.Rb1 Rc2 28.Rxb4 Rxa2
29.Rb1 Bd8 30.Bd3 Ba5 31.Nf1 a3 32.e4 Bc3 33.Ne3 Rb2 34.Nd1 a2 35.Ra1 Rxf2
{#R} 0-1

[Event "It (open)"]
[Site "masterchessopen.com Bad Zwesten (Germany)"]
[Round "3"]
[White "Heck Norbert (GER)"]
[Black "Bischoff Klaus (GER)"]
[Result "0-1"]
[WhiteElo "2252"]
[BlackElo "2564"]

1.Nf3 d5 2.d4 Nf6 3.c4 e6 4.g3 Bb4+ 5.Bd2 Be7 6.Bg2 c6 7.Qc2 Nbd7 8.O-O b6
9.b3 Bb7 10.Nc3 O-O 11.Bf4 Rc8 12.e4 Ba6 13.Rfd1 dxc4 14.bxc4 Bxc4 15.Nd2 Ba6
16.Qa4 Bd3 17.Rac1 b5 18.Qb3 Nb6 19.e5 Nfd7 20.Nce4 Be2 21.Re1 Bc4 22.Nxc4
Nxc4 23.h4 Ndb6 24.Rcd1 a5 25.Bg5 h6 26.Bxe7 Qxe7 27.Qf3 Rfd8 28.Qg4 Kh8
29.Nc5 Nd5 30.Rd3 Nb4 31.Rf3 Nc2 32.Qh5 Rc7 33.Rf6 Kg8 34.Rxh6 gxh6 35.Ne4 Qf8
36.Nf6+ Kh8 37.Re4 Rxd4 38.Rg4 Rxg4 39.Nxg4 f5 40.exf6 Nd4 41.Qg6 Nf5 42.Be4
Rf7 43.Bxf5 exf5 44.Qxf5 Nd6 45.Qe6 Ne8 46.h5 c5 47.Ne5 Rxf6 48.Qd7 b4 {#R}
0-1

[Event "It (open)"]
[Site "masterchessopen.com Skopje (Macedonia)"]
[Round "3"]
[White "Georgiev Kiril (MKD)"]
[Black "Mitkov Nikola (MKD)"]
[Result "1-0"]
[WhiteElo "2654"]
[BlackElo "2534"]

1.d4 Nf6 2.c4 e6 3.Nf3 d5 4.g3 Bb4+ 5.Bd2 Be7 6.Bg2 c6 7.Qc2 b6 8.O-O Ba6 9.b3
Nbd7 10.Rd1 Rc8 11.Bf4 O-O 12.Nc3 Nh5 13.Bc1 Nhf6 14.e4 dxc4 15.Nd2 b5 16.bxc4
bxc4 17.Na4 c5 18.d5 exd5 19.exd5 Ne5 20.Bb2 Bd6 21.Rab1 c3 22.Qxc3 Qd7 23.Qa5
Bd3 24.Bxe5 Bxb1 25.Bxd6 Bc2 26.Bxf8 Bxd1 27.Nc3 Kxf8 28.Nxd1 Nxd5 29.Nb2 Nb4
30.Ndc4 g6 31.a3 Nc2 32.h3 Nd4 33.Ne3 Qb5 34.Qd2 Rd8 35.Nd5 Kg7 36.Kh2 Qb3
37.Qc3 Qxc3 38.Nxc3 Nc2 39.a4 Rd4 40.Bf1 Nb4 41.Kg2 f5 42.Kf3 Rd2 43.Nc4 Rc2
44.Nb5 Nc6 45.Ke3 Ra2 46.Nc3 Rc2 47.Nd1 Nb4 48.h4 Nd5+ 49.Kf3 Kf6 50.Bd3 Ra2
51.Ndb2 Nb4 52.Ke3 Nd5+ 53.Kd2 Nb6 54.Bc2 Nxc4+ 55.Nxc4 Ra1 56.Na5 Rf1 57.Ke2
Rc1 58.Bb3 Rb1 59.Kd3 Rf1 60.Ke2 Rb1 61.Bc2 Rc1 62.Bd1 Rb1 63.Kd2 h6 64.Nc6 a6
65.Bc2 Rf1 66.Ke2 Rc1 67.Bd1 Rb1 68.Kd2 g5 69.hxg5+ hxg5 70.f3 Ke6 71.Na5 Ke5
72.Nc4+ Kd4 73.Ne3 f4 74.gxf4 gxf4 75.Nc2+ Kd5 76.Be2 Rb6 77.Kc3 a5 78.Bd3 Rb8
79.Be4+ Ke6 80.Na3 Rb4 81.Bc2 Rb8 82.Nc4 Ra8 83.Be4 Ra7 84.Nd2 Kd6 85.Kc4 Rc7
86.Nb3 Ra7 87.Kb5 Re7 88.Nxa5 Re8 89.Nc4+ {#r} 1-0

[Event "It (open)"]
[Site "masterchessopen.com Balatonlelle (Hungary)"]
[Date "2002.06.26"]
[Round "6"]
[White "Liptay Laszlo (HUN)"]
[Black "Berenyi Gabor (HUN)"]
[Result "1-0"]
[WhiteElo "2402"]
[BlackElo "2219"]

1.d4 d5 2.c4 e6 3.Nf3 Nf6 4.g3 Bb4+ 5.Bd2 Bxd2+ 6.Qxd2 b6 7.Bg2 Bb7 8.Ne5 Nbd7
9.O-O O-O 10.Nc3 c6 11.Rac1 Qe7 12.Rfd1 Rfd8 13.Qg5 h6 14.Qh4 Kf8 15.f4 Rac8
16.g4 Nh7 17.Qh3 Kg8 18.Qg3 Ndf8 19.cxd5 exd5 20.h4 f6 21.Nd3 Ne6 22.e3 Qd6
23.Kh2 Ba6 24.Nf2 Re8 25.f5 Qxg3+ 26.Kxg3 Nc7 27.Re1 Red8 28.Nh3 Rd6 29.Red1
Rcd8 30.e4 dxe4 31.Nxe4 Rxd4 32.Rxd4 Rxd4 33.Rxc6 Rd7 34.Nd6 Re7 35.b4 Rd7
36.a4 {#r} 1-0

[Event "It (open)"]
[Site "masterchessopen.com Assisi (Italy)"]
[Round "3"]
[White "Skembris Spyridon (GRE)"]
[Black "Epishin Vladimir (GER)"]
[Result "0-1"]
[WhiteElo "2446"]
[BlackElo "2599"]

{ Skembris Spyridon (GRE) +6 =14 -6 Epishin Vladimir (GER) +3 =2 -1 } 1.d4 Nf6
2.c4 e6 3.Nf3 d5 4.g3 Bb4+ 5.Bd2 Be7 6.Bg2 O-O 7.Qc2 c6 8.O-O b6 9.Bg5 { = }
9...Nbd7 10.Nbd2 ( 10.cxd5 cxd5 11.Rc1 Ba6 12.Nc3 b5 13.a3 Rc8 14.Qb3 Qb6
15.Ne5 Nxe5 16.dxe5 Ng4 17.Bxe7 Nxf2 18.h3 Rfe8 19.Bd6 Nd3+ 20.Kh2 Nxc1
21.Rxc1 Qe3 22.Rd1 d4 23.Rd3 Qf2 24.Rf3 Qe1 25.Rf1 Qd2 26.Rd1 Qe3 27.Rd3 Qf2
28.Rf3 Qe1 29.Ne4 b4 { ...1-0, Hulak Krunoslav 2540 - Braga Fernando 2480 ,
Wijk aan Zee 1986 It (cat.8) } ) 10...Bb7 ( 10...h6 11.Bxf6 Bxf6 12.e4 Bb7
13.Rfe1 Rc8 14.Rad1 c5 15.exd5 cxd4 16.Qb1 e5 { 1/2-1/2, Sukharisingh Ralf
2400 - Lukacs Peter 2475 , Budapest 1996 It (a) } ) 11.Rfd1 ( 11.e4 dxe4
12.Nxe4 c5 13.Nc3 Bxf3 14.Bxf3 cxd4 15.Bxa8 Qxa8 16.Bxf6 gxf6 17.Ne4 f5 18.Nd2
Rd8 19.f3 Bc5 20.Kg2 Ne5 21.Kh3 d3 22.Qc3 Bd4 23.Qa3 Qb7 24.Rae1 a5 25.Qb3 Qc6
26.Kg2 a4 27.Qb4 Ng4 28.Kh3 h5 29.Qa3 Rd7 30.b4 axb3 { ...1-0, Dizdarevic Emir
2505 - Bareev Evgeny 2655 , Yerevan 1996 Olympiad } ) 11...h6 ( 11...Rc8
12.Rac1 c5 13.Qb1 h6 14.Bxf6 Nxf6 15.e3 Rc7 16.dxc5 bxc5 17.cxd5 exd5 18.Nb3
Qc8 19.Qc2 g6 20.Na5 Ba8 21.Ne5 Kg7 22.Nd3 c4 23.Nf4 Rc5 24.Qd2 Rb5 25.Nb3 Qb8
26.Nd4 Rxb2 27.Qc3 Qb4 28.Qxb4 Rxb4 29.Nde2 Rd8 { 1/2-1/2, Meduna Eduard 2515
- Ambroz Jan 2376 , Debrecen 1987 It } ) 12.Bxf6 { -0.27 CAP } 12...Nxf6 { N }
( 12...Bxf6 13.e4 Rc8 14.Nb3 a5 15.Rac1 Ba6 16.Bf1 Re8 17.e5 Be7 18.Qb1 Nb8
19.Nbd2 Qd7 20.a3 Qb7 21.Rc3 Rc7 22.Rdc1 { ...1/2-1/2, Tukmakov Vladimir B
2575 - Polak Tomas 2470 , Biel 1997 It (open) } 22...Rec8 23.Qc2 Bd8 24.Bg2
Nd7 25.h4 Qa8 26.Qb1 Bb7 27.cxd5 cxd5 28.Rxc7 Rxc7 29.Rxc7 Bxc7 30.Bf1 Ba6
31.Qc2 Bxf1 32.Nxf1 { ...1/2-1/2, Tukmakov Vladimir B 2575 - Polak Tomas 2470
, Biel 1997 It (open) } ) 13.e4 Rc8 14.c5 { } ( 14.e5 { !? } 14...Nd7 15.cxd5
cxd5 16.Qb1 { } ) 14...a5 15.a3 bxc5 16.dxc5 a4 17.Rac1 Qa5 { } ( 17...Ra8 {
!? } 18.Nd4 Re8 19.exd5 exd5 { } ) 18.Ne5 { } ( 18.e5 { !? } 18...Nd7 19.Ne4
Qc7 20.Nd6 { } ) 18...Rc7 { ? } ( { ? } 18...Ra8 19.f4 Qc7 20.Qd3 Ra5 { } )
19.Bf1 { ? } ( { ? } 19.b4 Qa6 20.Nb1 Nd7 21.Nf3 { } ) 19...Rb8 20.b4 axb3 { !
} ( 20...Qa7 { ? } 21.Bg2 Rd8 22.Re1 Qa6 { } ) 21.Nxb3 Qa7 22.exd5 cxd5 23.Bb5
{ } ( 23.c6 { !? } 23...Bd6 24.Nd4 Bc8 25.Qe2 { } ) 23...Ne4 24.c6 { ?! } (
24.Bd3 { !? } 24...Rbc8 25.Bxe4 dxe4 26.c6 { } ) 24...Bg5 25.Nd4 { ?! } (
25.Nc5 { !? } 25...Bxc1 26.Rxc1 Qxc5 27.Qxc5 { } ) 25...Bxc1 26.Qxc1 Ba6 { } (
26...Bc8 { !? } 27.Qe3 f6 28.Ng6 e5 { } ) 27.a4 { ?! } ( 27.Bxa6 { !? }
27...Qxa6 28.Re1 Qb6 29.Rd1 { } ) 27...Nd6 { ? } ( 27...f6 { !? } 28.Ng4 e5
29.Ne6 Bc8 { } ) 28.Nd7 { ? } ( { ? } 28.Qb2 Ne4 29.Qc2 Rcc8 30.Qd3 { } )
28...Bxb5 29.Nxb8 { ?! } ( 29.axb5 { !? } 29...Nxb5 30.Nf5 exf5 31.Nxb8 { } )
29...Bxa4 30.Rd2 Qxb8 31.Rb2 Qa7 32.Qa1 e5 33.Nf3 Bxc6 34.Ra2 Qb7 35.Nxe5 d4
36.Rb2 Bb5 37.Rb1 Qd5 38.Re1 Re7 39.f4 Bc6 40.Nxc6 Rxe1+ 41.Qxe1 Qxc6 { } {#R}
0-1

[Event "It (open)"]
[Site "masterchessopen.com Nice (France)"]
[Round "2"]
[White "Todorov Ognjan (BUL)"]
[Black "Mitkov Nikola (MKD)"]
[Result "0-1"]
[WhiteElo "2343"]
[BlackElo "2539"]

{ Todorov Ognjan (BUL) +1 =0 -1 Mitkov Nikola (MKD) +2 =1 -2 } 1.d4 { 1 }
1...d5 2.Nf3 Nf6 3.c4 e6 4.g3 Bb4+ 5.Bd2 Be7 6.Bg2 c6 7.Qb3 b6 ( 7...O-O 8.O-O
b6 9.cxd5 cxd5 10.Rc1 Ba6 11.Bf1 Ne4 12.Bb4 Nd6 13.Na3 Bb7 14.Bxd6 Bxd6 15.Nb5
Nc6 16.Nxd6 Qxd6 17.Rc3 Rfc8 { 1/2-1/2, Malaniuk Vladimir P 2580 - Tiviakov
Sergei 2655 , Montecatini Terme 1995 It (open) } ) 8.Nc3 ( 8.Bf4 Nbd7 9.Nc3
O-O 10.e4 dxe4 11.Ne5 Nxe5 12.dxe5 Nd7 13.Nxe4 Qc7 14.Nf6+ Kh8 15.O-O-O Rd8
16.Qf3 Bb7 17.Qh5 gxf6 18.exf6 Nxf6 19.Bxc7 Nxh5 20.Bxd8 Bxd8 21.Rd7 Bg5+
22.f4 Bc8 23.Rxf7 Kg8 24.Bxc6 Kxf7 25.Bxa8 Be7 26.Rd1 Nf6 27.Bf3 a5 { ...1-0,
Delchev Aleksander 2521 - Maksimenko Andrei 2515 , Pula 1999 Ch Croatia (team)
(2nd league) } ) 8...O-O 9.O-O Ba6 10.cxd5 cxd5 { ?/= } 11.Rac1 { N } ( 11.Ne5
Bb7 ( 11...Nfd7 12.Nxf7 Rxf7 13.Nxd5 Nc6 14.Nxe7+ Nxe7 15.Qa4 Bxe2 16.Bxa8
Qxa8 17.Qxd7 Nf5 18.Qa4 Bb5 19.Qxb5 Nxd4 20.Qd3 Nf3+ 21.Qxf3 Qxf3 22.a4 Qb3
23.Bc3 Rd7 24.h4 h6 25.Rfe1 Kf7 26.Re4 g5 27.Rae1 Rd1 28.hxg5 hxg5 29.a5 Rxe1+
30.Rxe1 b5 { ...1/2-1/2, Iljushin Alexei 2509 - Kacheishvili Giorgi 2564 ,
Golden Sands 2000 Ch World (universities) } ) 12.Bf4 Nfd7 13.Nxd7 Qxd7 14.Rfd1
Nc6 15.e4 Na5 16.Qc2 Rac8 17.exd5 Bxd5 18.Bxd5 exd5 19.Qe2 Bb4 20.Qb5 Nc6
21.Qxd5 Qg4 22.Qg2 Rfd8 23.d5 Ne7 24.h3 Qf5 25.d6 Bxc3 26.dxe7 Rxd1+ 27.Rxd1
Bf6 28.Re1 Qd7 29.Qb7 { 1-0, Hansen Lars Bo 2560 - Gurevich Mikhail 2605 ,
Wijk aan Zee 1993 It (open) "Hoogovens" } ) ( 11.Rfc1 Nc6 12.Nb5 Qd7 13.a4
Rfc8 14.Bf4 Ne8 15.Ne5 Nxe5 16.dxe5 Rc5 17.e4 d4 18.Bf1 Bb7 19.Rd1 Bxe4
20.Rxd4 Rxb5 21.Rxd7 Rxb3 22.Rxe7 Bc6 23.Bg2 Bxg2 24.Kxg2 Rxb2 25.Rd1 Rb4
26.Rdd7 Rxa4 27.Rxf7 Rc4 28.Rfe7 Rc6 29.Rxa7 Rxa7 30.Rxa7 Nc7 { ...1/2-1/2,
Djachkov Sergej 2295 - Tiviakov Sergei 2655 , Elista 1995 Ch Russia } )
11...Bc4 ( 11...Bb7 12.Nb5 Nc6 13.Ne5 Nxe5 14.dxe5 Nd7 15.Qe3 Bc5 16.Qf4 a5
17.Bc3 Ba6 18.a4 Bxb5 19.axb5 Qe7 20.Rcd1 Rac8 21.e4 d4 22.Bxd4 Bxd4 23.Rxd4
Rc5 24.Qd2 Nxe5 25.f4 Ng6 26.Qd3 Rfc8 27.Rd7 Qe8 28.Rb7 Qxb5 29.Rd1 Qxb2 30.f5
Rc2 31.Bf1 { ...0-1, Filippov Valerij 2616 - Mitkov Nikola 2534 , Las Vegas
2002 It "North American Open" } ) 12.Qa4 Qd7 13.Rfe1 Qxa4 14.Nxa4 Nbd7 15.Ne5
Bxa2 16.Nc3 Bb3 17.Nc6 Bd8 18.Nb5 a5 19.Bf4 Ba4 20.Nba7 b5 21.Nxd8 Rxa7 22.Nc6
Ra6 23.Ne7+ Kh8 24.Rc7 b4 25.Rec1 h6 26.Bf1 Bb5 27.h4 { ?! } ( 27.Nc8 { !? }
27...g5 28.Nd6 gxf4 29.Nxb5 { } ) 27...Raa8 { ?! } ( 27...Rfa8 { !? } 28.Nc8
Ne8 29.Rb7 Bc6 { } ) 28.e3 { ?! } ( 28.Nc8 { !? } 28...Ne8 29.Ra7 Rxa7 30.Nxa7
{ } ) 28...Bxf1 { } {#R} 0-1

[Event "It (open)"]
[Site "masterchessopen.com San Salvador (El Salvador)"]
[Round "4"]
[White "Leyva Hector (ESA)"]
[Black "Mitkov Nikola (MKD)"]
[Result "0-1"]
[WhiteElo "2406"]
[BlackElo "2539"]

1.d4 d5 2.c4 e6 3.Nf3 Nf6 4.g3 Bb4+ 5.Bd2 Be7 6.Bg2 c6 7.b3 b6 8.O-O Ba6 9.Ne5
O-O 10.Bc3 Nbd7 11.Nxd7 Nxd7 12.Nd2 Rc8 13.Re1 f5 14.a4 Bd6 15.e3 Qf6 16.Qc1
Qh6 17.Qb2 Nf6 18.b4 Ne4 19.c5 Bc7 20.f4 Rb8 21.cxb6 axb6 22.Nxe4 fxe4 23.b5
Bb7 24.Bb4 Rfc8 25.bxc6 Bxc6 26.Rec1 Bd8 27.Bd6 Ra8 28.Bf1 Qg6 29.Bb5 Qe8
30.Rxc6 Rxc6 31.Rc1 Rac8 32.Rxc6 Rxc6 33.Ba3 h6 34.Qb4 Bf6 35.Bxc6 Qxc6 36.Qd6
Qc3 37.Qxe6+ Kh8 38.Be7 Qxe3+ 39.Kg2 Qf3+ 40.Kh3 Qh5+ 41.Kg2 Qe8 42.Qxd5 Qxe7
43.Kf1 Qe8 44.Qc4 Qh5 45.d5 Qf3+ 46.Kg1 Kh7 47.d6 e3 48.Qc2+ g6 49.d7 e2 {#R}
0-1

[Event "It (open)"]
[Site "masterchessopen.com Dresden (Germany)"]
[Date "2003.07.26"]
[Round "2"]
[White "Delchev Aleksander (BUL)"]
[Black "Waldmann Hans-Joachim (GER)"]
[Result "0-1"]
[WhiteElo "2601"]
[BlackElo "2339"]

1.d4 d5 2.Nf3 Nf6 3.c4 e6 4.g3 Bb4+ 5.Bd2 Be7 6.Bg2 Ne4 7.O-O c6 8.Bf4 Nd7
9.Qc2 O-O 10.Rd1 g5 11.Bc1 f5 12.Ne1 Qe8 13.Nd2 Qg6 14.Nd3 Bd6 15.Nf3 Qh5
16.Nfe5 Rf6 17.b4 Rh6 18.h4 Bxe5 19.dxe5 f4 20.Bf3 Qg6 21.h5 Rxh5 22.Bxf4 Nb6
23.Nc5 gxf4 24.Bxh5 Qxh5 25.Nxe4 Qxe5 26.Nc5 fxg3 27.Qd3 gxf2+ 28.Kxf2 Qh2+
29.Ke1 Nxc4 30.e4 Qg1+ 31.Ke2 Qg2+ 32.Ke1 b6 33.Nb3 Ba6 {#R} 0-1

[Event "It (open)"]
[Site "masterchessopen.com Dresden (Germany)"]
[Date "2003.08.02"]
[Round "9"]
[White "Kersten Uwe (GER)"]
[Black "Palac Mladen (CRO)"]
[Result "1-0"]
[WhiteElo "2313"]
[BlackElo "2543"]

1.d4 Nf6 2.Nf3 d5 3.c4 e6 4.g3 Bb4+ 5.Bd2 Be7 6.Bg2 c6 7.Qc2 b6 8.Bf4 O-O
9.O-O Ba6 10.Nbd2 Nbd7 11.Rac1 Rc8 12.Rfd1 Nh5 13.Ne5 Nxe5 14.dxe5 Nxf4
15.gxf4 Bb4 16.b3 Ba3 17.Rb1 Qe7 18.Nf3 Rfd8 19.e3 g6 20.h4 b5 21.cxd5 cxd5
22.Qe2 Rc3 23.h5 Rdc8 24.hxg6 hxg6 25.Ng5 Kg7 26.Bf1 Rc2 27.Qg4 Rxa2 28.Bd3
Bb7 29.Kg2 d4+ 30.e4 Rh8 31.Rh1 Qd8 32.Rxh8 Qxh8 33.Rh1 Qg8 34.Qh4 Kf8 35.Nh7+
{#r} 1-0

[Event "It (open)"]
[Site "masterchessopen.com Reykjavik (Iceland)"]
[Date "2004.03.14"]
[Round "7"]
[White "Markus Robert (SRB)"]
[Black "Luther Thomas (GER)"]
[Result "1-0"]
[WhiteElo "2555"]
[BlackElo "2540"]

{ Markus Robert (SCG) +2 =2 Markus Robert (SCG) +2 =2 -1 } 1.d4 { 1 } 1...e6
2.c4 Nf6 3.Nf3 d5 4.g3 Bb4+ 5.Bd2 a5 6.Qc2 { ?/= } 6...c5 ( 6...c6 7.Bg2 b6
8.O-O O-O 9.Bf4 Ba6 10.c5 a4 11.Bd6 Re8 12.Qxa4 bxc5 13.Bxc5 Bxc5 14.dxc5 Nbd7
15.Qc2 Ne4 16.Nbd2 Nxd2 17.Qxd2 Nxc5 18.Rfc1 Ne4 19.Qe3 Qf6 20.Rc2 Reb8 21.Rb1
Nd6 22.b3 Nb5 23.Rd1 Bb7 24.Ne5 d4 25.Qf4 Qxf4 26.gxf4 { ...1/2-1/2, Vaulin
Alexander 2530 - Aleksandrov Aleksej 2660 , Sochi 1997 Cup Russia (final) } )
7.dxc5 ( 7.cxd5 cxd4 8.Nxd4 O-O 9.Bg2 Qb6 10.e3 e5 11.Ne2 Bg4 12.Nbc3 Rc8
13.Qd1 Nbd7 14.h3 Bh5 15.O-O Nc5 16.g4 Bg6 17.Ng3 Rd8 18.g5 Bxc3 19.Bxc3 Nfe4
20.Bxe5 Nxg3 21.Bxg3 Be4 22.d6 Bxg2 23.Kxg2 Ne4 24.Qd4 Qxd4 25.exd4 Nxg3
26.fxg3 Rxd6 { ...1-0, Tukmakov Vladimir B 2582 - Kachiani-G Ketino 2448 ,
Lenk 2000 It (open) } ) ( 7.a3 Bxd2+ 8.Qxd2 cxd4 9.cxd5 Qxd5 10.Qxd4 Nc6
11.Qxd5 Nxd5 12.Bg2 Ke7 13.Nc3 Nb6 14.Rc1 Bd7 15.Ne4 Rhc8 16.Nc5 Rc7 17.Nxd7
Nxd7 18.Nd4 Ra6 19.a4 Nde5 20.f4 Rd7 21.Nb3 Rb6 22.Nc5 Ng4 23.Nxd7 Kxd7 24.Bf3
Nf6 25.Kf2 { 1-0, Antic Dejan 2495 - Arsovic Goran 2455 , Sabac 1998 It
(cat.9) } ) ( 7.Bg2 cxd4 8.cxd5 Nxd5 9.Nxd4 O-O 10.O-O Qb6 11.Nf3 Nc6 12.e4
Nde7 13.Be3 Qa6 14.Rd1 Ng6 15.Bf1 b5 16.Nc3 Bxc3 17.Qxc3 Qb7 18.Qc5 Nb4 19.Nd4
Bd7 20.Nxb5 Na6 21.Qb6 { 1-0, Staniszewski Piotr 2428 - Grycel Kamil 2249 ,
Ustron 2003 Ch Poland (team) (1 liga) } ) 7...d4 { N } ( 7...Nc6 8.cxd5 exd5
9.Bg2 Qe7 10.O-O Qxc5 11.Qxc5 Bxc5 12.Nc3 Be6 13.Ng5 Rd8 14.Rac1 Be7 15.Nxe6
fxe6 16.Nb5 Kf7 17.Rfd1 { 1/2-1/2, Grabarczyk Miroslaw 2484 - Eingorn Vereslav
S 2589 , Koszalin 1999 It (open) } ) ( 7...Bxc5 { } ) 8.Bxb4 axb4 9.Bg2 Nc6
10.Nbd2 Qe7 11.O-O O-O 12.Nb3 e5 { } 13.Nfd2 Re8 14.e3 Bg4 15.Rfe1 Qd7 16.Bxc6
{ ?! @ } ( 16.exd4 { !? } 16...Bf5 17.Ne4 Bxe4 18.Bxe4 { I } ) 16...bxc6
17.exd4 Bf5 { ?! N } ( 17...exd4 { !? } 18.Rxe8+ Rxe8 19.Qd3 Rd8 { @ } )
18.Qd1 { ? 2 } ( { ? } 18.Qc1 exd4 19.Nf3 Rxe1+ 20.Qxe1 { N } ) 18...exd4
19.Qf3 { ?! ! } ( 19.Nf3 { !? } 19...d3 20.Ne5 Qc7 21.f4 { 2 } ) 19...d3 { ?!
: } ( 19...Rxe1+ { !? } 20.Rxe1 Rxa2 21.Qf4 Rxb2 { ! } ) 20.Qf4 { !? : } (
20.Rxe8+ { ?! } 20...Rxe8 21.Qf4 Bh3 22.Qd6 { 1 } ) 20...h6 { ?! D } (
20...Bg6 { !? } 21.Nf3 Re4 22.Ne5 Qh3 { : } ) 21.Qd6 { ? ^28 } ( { ? }
21.Rxe8+ Rxe8 22.Nd4 Bg4 23.Qd6 { D } ) 21...Rxe1+ 22.Rxe1 Re8 { ? G } ( { ? }
22...Rxa2 23.Qb8+ Qc8 24.Qxb4 Rxb2 { ^28 } ) 23.Re5 { ?! / } ( 23.Nf3 { !? }
23...Rxe1+ 24.Nxe1 Kh7 25.a4 { G } ) 23...Rxe5 { ?! E } ( 23...Qxd6 { !? }
24.Rxe8+ Nxe8 25.cxd6 Nxd6 { / } ) 24.Qxe5 Bg6 { ?! N } ( 24...Qc8 { !? }
25.f3 Bg6 26.Nc1 Qd7 { E } ) 25.f3 { ?! B } ( 25.Qb8+ { !? } 25...Kh7 26.Qxb4
Qe7 27.Qc3 { N } ) 25...Qa7 26.Qe1 { ?! . } ( 26.Nd4 { !? } 26...Qa8 27.Qd6
Qxa2 28.Qb8+ { B } ) 26...Kh7 27.Kf2 Qd7 { ?! G } ( 27...Kg8 { !? } 28.Qa1 Nd7
29.a4 Nxc5 { 2 } ) 28.Kg2 { ?! 2 } ( 28.Qe5 { !? } 28...Qa7 29.Nc1 Nd7 30.Qd4
{ G } ) 28...Qa7 29.Kf2 Qa6 { ?! J } ( 29...Kg8 { !? } 30.Qa1 Nd7 31.a4 Nxc5 {
2 } ) 30.a4 { ? 2 } ( { ? } 30.Nc1 Qa7 31.Qe3 Qd7 32.Qe5 { J } ) 30...bxa3
31.bxa3 Qxa3 32.Qa1 Qb4 33.Qa8 Qc3 34.Qa1 Qc2 { ?? _ } ( { ? } 34...Qb4 35.Qa8
Qc3 36.Qa1 Qb4 { } ) 35.Ke3 h5 36.Nd4 Nd5+ 37.cxd5 Qxc5 38.dxc6 Qg5+ 39.f4
Qe7+ 40.Kf2 Qc5 41.Nb3 Qc4 42.f5 Bxf5 43.Nxf5 Qc2+ 44.Kg1 { a } {#r} 1-0

[Event "It (open)"]
[Site "masterchessopen.com Maikop (Russia)"]
[Round "6"]
[White "Mamjan Manuk (RUS)"]
[Black "Pushkov Nikolai (RUS)"]
[Result "1-0"]
[WhiteElo "2322"]
[BlackElo "2434"]

1.d4 Nf6 2.c4 e6 3.Nf3 d5 4.g3 Bb4+ 5.Bd2 Be7 6.Bg2 O-O 7.b3 c5 8.cxd5 Nxd5
9.Nc3 Bf6 10.Nxd5 exd5 11.Bc3 Nc6 12.Rc1 cxd4 13.Nxd4 Nxd4 14.Bxd4 Qa5+ 15.Rc3
Bxd4 16.Qxd4 Qxa2 17.O-O Qxe2 18.Bxd5 Bh3 19.Rfc1 Rad8 20.Re3 Qh5 21.Re5 Qg6
22.Rce1 Qf6 23.Qe4 b6 24.Rh5 Qg6 25.Rxh3 {#r} 1-0

[Event "It (open)"]
[Site "masterchessopen.com Deizisau (Germany)"]
[Date "2004.04.11"]
[Round "7"]
[White "Burmakin Vladimir (RUS)"]
[Black "Donchenko Anatoly G (GER)"]
[Result "1-0"]
[WhiteElo "2549"]
[BlackElo "2418"]

{ Burmakin Vladimir (RUS) +12 =9 -4 Donchenko Anatoly G (GER) +0 =0 -1 } 1.d4
Nf6 2.c4 e6 3.g3 d5 4.Nf3 Bb4+ 5.Bd2 Be7 6.Bg2 O-O 7.O-O ( 7.Qc2 c6 8.O-O b6
9.Bf4 Ba6 10.Nbd2 Nbd7 11.e4 Nxe4 12.Nxe4 dxe4 13.Ne5 Nxe5 14.dxe5 Qd3 15.Rac1
Qxc2 16.Rxc2 Rad8 17.Be3 Rd7 18.Bxe4 c5 19.Rfc1 Rfd8 20.Kf1 h5 21.Bc6 Rc7
22.Bf3 g6 23.a4 Bb7 24.Bxb7 Rxb7 25.a5 Kf8 26.Ra1 Ke8 { ...1/2-1/2, Burmakin
Vladimir 2560 - Landa Konstantin 2520 , Perm 1998 Cup Russia } ) 7...Nbd7 {
?/= } 8.b3 { -0.22 CAP } ( 8.Qc2 c6 9.Rd1 b6 10.b3 Ba6 11.a4 c5 12.Na3 Bb7
13.Qb2 Ne4 14.Be1 Bf6 15.e3 cxd4 16.Nxd4 Qb8 17.Rac1 Rd8 18.Qb1 a6 19.a5 Be7
20.Nac2 bxa5 21.Bxa5 Rc8 22.Nb4 Nef6 23.cxd5 Bxb4 24.Bxb4 Bxd5 25.Rxc8+ Qxc8
26.e4 Bb7 27.f3 Qc7 { ...1/2-1/2, Piket Jeroen 2630 - Kramnik Vladimir 2770 ,
Monte Carlo 1997 It "Melody Amber" (active) } ) 8...b6 { N } ( 8...Ne4 9.Qc2
f5 10.Nc3 c6 11.Rad1 Qe8 12.Bf4 g5 13.Nxe4 gxf4 14.Neg5 fxg3 15.Nxe6 gxh2+
16.Kh1 Qh5 17.Nxf8 Nxf8 18.cxd5 Ng6 19.dxc6 Nf4 20.Qc4+ Kf8 21.d5 Bd6 22.Ne1
Qxe2 23.Qxe2 Nxe2 24.Nf3 Nc3 25.Rd2 Ne4 26.Rc2 bxc6 27.dxc6 Ba6 28.Rd1 {
...1-0, Luciani Valerio 2229 - Rigo Janos 2347 , Nereto 1999 It (open) } ) (
8...c6 9.Qc2 ( 9.Bc3 b5 10.Nbd2 a5 11.Ne5 Nxe5 12.dxe5 Nd7 13.cxb5 cxb5 14.e4
b4 15.Bd4 Ba6 16.Re1 Bc5 17.Bxc5 Nxc5 18.exd5 exd5 19.Nf1 Bb7 20.Ne3 d4
21.Bxb7 dxe3 22.Bxa8 exf2+ 23.Kxf2 Nd3+ 24.Kf1 Qxa8 25.Qxd3 Qh1+ 26.Kf2 Qxh2+
27.Kf3 { 1-0, Vera Reynaldo 2410 - Vilela Jose Luis 2445 , Habana 1982 It
(cat.9) } ) 9...b6 10.Rd1 Ba6 11.Bf4 Rc8 12.Nc3 Nh5 13.Bc1 f5 14.a4 Bb4 15.a5
bxa5 16.c5 Nhf6 17.Na2 Bb5 18.Nxb4 axb4 19.Rxa7 Ra8 20.Rxa8 Qxa8 21.Bb2 Qb7
22.Ng5 Re8 23.Qd2 Ne4 24.Nxe4 dxe4 25.f3 Nf6 26.fxe4 fxe4 27.Rf1 Rf8 28.Qe3 {
...1/2-1/2, Sasikiran Krishnan 2654 - Barua Dibyendu 2549 , Mumbai 2003 Ch
India } ) 9.cxd5 Nxd5 10.e4 N5f6 11.Nc3 Bb7 12.Qe2 Bb4 { ?! } ( 12...c5 { !? }
13.Rad1 Qc8 14.e5 Ba6 { } ) 13.e5 Bxc3 14.Bxc3 Nd5 15.Bb2 a5 16.Rfc1 Qe7 17.a4
Rfc8 18.Nd2 c5 19.Ba3 Ba6 20.Qd1 Rab8 21.Ne4 Nb4 22.Nd6 Rd8 23.Bxb4 axb4 24.a5
{ ?! } ( 24.Bc6 { !? } 24...f6 25.f4 cxd4 26.Bxd7 { } ) 24...cxd4 25.axb6 Rxb6
{ ?? } ( { ? } 25...Nxe5 26.Nxf7 Qxf7 27.Rxa6 d3 { } ) 26.Qxd4 Rdb8 27.Rc7 Qd8
28.Ra7 { } {#r} 1-0

[Event "It (open)"]
[Site "masterchessopen.com Andorra"]
[Date "2004.07.03"]
[Round "1"]
[White "Damljanovic Branko (SRB)"]
[Black "Maleki Manuel (FRA)"]
[Result "1-0"]
[WhiteElo "2578"]
[BlackElo "2121"]

1.d4 Nf6 2.c4 e6 3.Nf3 d5 4.g3 Bb4+ 5.Bd2 a5 6.Bg2 O-O 7.O-O c6 8.Bg5 Be7
9.Qc2 b6 10.Nbd2 Ba6 11.Rac1 Nbd7 12.Rfe1 Rc8 13.e4 dxc4 14.Nxc4 c5 15.d5 exd5
16.exd5 Nxd5 17.Rcd1 Nb4 18.Qf5 Bxg5 19.Rxd7 Qf6 20.Qe4 Bxc4 21.Qxc4 Qf5
22.Rb7 Bf6 23.Rxb6 Rb8 24.g4 Qg6 25.Ne5 Rxb6 26.Nxg6 hxg6 27.a3 Na6 28.b3 Bd4
29.g5 Nc7 30.h4 Nb5 31.Bd5 Nd6 32.Qa4 Nf5 33.Re8 Rb8 34.Rxb8 Rxb8 35.Qd7 Rf8
36.h5 Nh4 37.Qh3 {#r} 1-0

[Event "It (open)"]
[Site "masterchessopen.com Vlissingen (Netherlands)"]
[Date "2004.08.07"]
[Round "1"]
[White "Tiggelman Rene (NED)"]
[Black "Van Veen Oscar (NED)"]
[Result "1-0"]
[WhiteElo "2172"]
[BlackElo "2215"]

1.d4 Nf6 2.Nf3 e6 3.c4 d5 4.g3 Bb4+ 5.Bd2 Qe7 6.Bg2 Ne4 7.O-O O-O 8.a3 Bxd2
9.Nfxd2 f5 10.Qc2 c6 11.f3 Nf6 12.Nc3 Nbd7 13.e4 fxe4 14.fxe4 dxe4 15.Ndxe4
Nxe4 16.Rxf8+ Qxf8 17.Nxe4 Nf6 18.Rf1 Qe7 19.Re1 Nxe4 20.Qxe4 Bd7 21.Bh3 Re8
22.b4 Qf6 23.Rf1 Qh6 24.Qf3 Qg6 25.Bg4 Rd8 26.Bh5 Qf5 27.Qe2 Qh3 28.Rf7 Be8
29.Bg4 Qxg4 30.Rf8+ Kxf8 31.Qxg4 Bf7 32.Qf4 Rd7 33.Qb8+ Ke7 34.Qxa7 Bg6 35.Kf2
Kf7 36.Qc5 Bf5 37.a4 h5 38.a5 g6 39.Ke3 Bh3 40.a6 bxa6 41.Qxc6 e5 42.d5 Kg7
43.Qxa6 Bf1 44.Qe6 Rb7 45.d6 Rxb4 46.d7 {#r} 1-0

[Event "It (open)"]
[Site "masterchessopen.com Graz (Austria)"]
[Date "2004.09.10"]
[Round "7"]
[White "Burmakin Vladimir (RUS)"]
[Black "Luther Thomas (GER)"]
[Result "1-0"]
[WhiteElo "2549"]
[BlackElo "2540"]

1.d4 Nf6 2.c4 e6 3.g3 d5 4.Nf3 Bb4+ 5.Bd2 a5 6.Qc2 c5 7.cxd5 cxd4 8.Nxd4 O-O
9.Bg2 Qb6 10.e3 exd5 11.O-O Nc6 12.Nxc6 bxc6 13.Nc3 Be6 14.Rfc1 Rfc8 15.Na4
Qb5 16.Bf1 Qb8 17.Bxb4 axb4 18.Nc5 Qe5 19.Qd2 Ne4 20.Nxe4 dxe4 21.Qxb4 Bxa2
22.Qb7 Qe8 23.b4 Bd5 24.Qb6 Rxa1 25.Rxa1 Ra8 26.Ra5 g6 27.Qd4 Qd8 28.Rc5 Rb8
29.Qc3 Qb6 30.b5 Be6 31.Rxc6 Qd8 {#r} 1-0